Baixada Fluminense - Morte Súbita - Statistics

Estatísticas Gerais
  • Esse quiz foi jogado 212 vezes
  • A pontuação média é 6 de 13
Answers on the Grid
Answers color-coded by a green-red scale on the quiz's grid according to % correct below.
Itaguaí
Itaboraí
Duque de Caxias
Campo Grande
Nova Iguaçu
Nilópolis
Mesquita
Teresópolis
Guapimirim
Seropédica
Quissamã
São João de Meriti
Três Rios
Belford Roxo
Queimados
Magé
Mangaratiba
Japeri
Paracambi
Engenheiro Paulo de Frontin
 
Estatísticas das Respostas
Resposta % Correto
Duque de Caxias
71%
Nova Iguaçu
71%
Nilópolis
65%
Belford Roxo
64%
Mesquita
55%
São João de Meriti
50%
Queimados
47%
Itaguaí
44%
Seropédica
42%
Japeri
37%
Magé
34%
Paracambi
27%
Guapimirim
22%
Nenhum quiz correspondente encontrado
Distribuição das Pontuações
Porcentagem de Pessoas com Cada Pontuação
Percentil de Números Respondidos
Sua Pontuação Histórica
Você não jogou esse quiz